[Event "Milan SSM op 08"]
[Site "Milan"]
[Date "2014.08.02"]
[Round "5"]
[White "Mandelli, Giacomo"]
[Black "Di Chiara, Mauro"]
[Result "0-1"]
[WhiteElo "1752"]
[BlackElo "2006"]
[PlyCount "98"]
[EventDate "2014.07.29"]
[EventType "swiss"]
[EventRounds "7"]
[EventCountry "ITA"]
[SourceTitle "EXT 2016"]
[Source "ChessBase"]
[SourceDate "2015.10.08"]
[SourceVersion "1"]
[SourceVersionDate "2015.10.08"]
[SourceQuality "1"]

1. e4 g6 2. d4 Bg7 3. Nc3 d6 4. Nf3 Nf6 5. h3 0-0 6. Be3 c6 7. Qd2 b5 8. Bd3 Nbd7 9. 0-0 e5 10. dxe5 dxe5 11. a4 b4 12. Ne2 a5 13. Rfd1 Qc7 14. Ng3 Re8 15. Qe2 Nf8 16. Rac1 Ne6 17. Bc4 Nf4 18. Qf1 Be6 19. c3 Rad8 20. cxb4 axb4 21. Bxe6 Nxe6 22. Rxd8 Rxd8 23. Qc4 c5 24. Ng5 Nxg5 25. Bxg5 h6 26. Bxf6 Bxf6 27. Kh2 Rd2 28. b3 Qd6 29. Ne2 Qd3 30. Qxd3 Rxd3 31. Rb1 Rd2 32. Nc1 Rd1 33. a5 Bd8 34. a6 Bb6 35. Kg3 Ba7 36. Kf3 f5 37. Ke2 Rg1 38. exf5 gxf5 39. g3 Kf7 40. Kd3 Ke6 41. Kc4 Rf1 42. Kb5 Kd5 43. Rb2 Rxc1 44. Rd2+ Ke6 45. Kc6 c4 46. Rd6+ Ke7 47. Rd7+ Kf6 48. Rxa7 cxb3+ 49. Kb6 b2 0-1

[Event "Milan SSM op 08"]
[Site "Milan"]
[Date "2014.07.29"]
[Round "1"]
[White "Bisignano, Giuseppe"]
[Black "Mandelli, Giacomo"]
[Result "1-0"]
[WhiteElo "1872"]
[BlackElo "1752"]
[PlyCount "69"]
[EventDate "2014.07.29"]
[EventType "swiss"]
[EventRounds "7"]
[EventCountry "ITA"]
[SourceTitle "EXT 2016"]
[Source "ChessBase"]
[SourceDate "2015.10.08"]
[SourceVersion "1"]
[SourceVersionDate "2015.10.08"]
[SourceQuality "1"]

1. e4 c5 2. Nf3 e6 3. d4 cxd4 4. Nxd4 a6 5. Nc3 Qc7 6. Be3 Nf6 7. Be2 b5 8. f3 Bc5 9. 0-0 Bb7 10. Kh1 0-0 11. Qd2 d5 12. exd5 Nxd5 13. Nxd5 Bxd5 14. a4 b4 15. c3 bxc3 16. Qxc3 Nd7 17. Rfc1 Qb6 18. a5 Qb4 19. Qxb4 Bxb4 20. Nc6 Bd6 21. b4 Ne5 22. b5 Nxc6 23. bxc6 Rfc8 24. Rab1 Bc7 25. Bb6 Bf4 26. c7 Bxc1 27. Rxc1 Kf8 28. Bd3 h6 29. Kg1 Ke7 30. Kf2 Kd7 31. Ke3 Re8 32. g4 Kc8 33. Be4 Bxe4 34. Kxe4 Kb7 35. Ke5 1-0